000 00361nam a2200133Ia 4500
008 240624s9999 xx 000 0 und d
041 _aeng
082 _a658.409 BER
100 _aBERGDAHL MICHAEL
245 _a10 RULES OF SAM WALTON SUCCESS SECRETS F
260 _c2006
_aNew Jersey
_bJohn Wiley and Sons
300 _axi, : 259 : p. : cm. ; 24
365 _c
_b28
999 _c7351
_d7351